00685nam a2200241 a 4500001001300000003000900013005001700022008004100039020001000080082001300090100002100103245003500124260003200159300000900191500003500200505002800235650001100263700002100274902000800295942000700303952011600310999001700426nice12345678IN_TiNIC20260116015143.0050524s1971 lona grp 000 0 eng  ac10000a170bBAR aBarclay, William aEthics in a Permissive Society aLondonbFontana Booksc1971 a222p aincludes index and biblioraphy2 aForeign Parts 1701-1950 aEthics1 aBarclay, William bSRS cBK 001040708StackRoom-aHMIbHMId2007-03-15g100.00l0o170 BARp11001397r2007-03-15v100.00w2005-05-24yBK c18527d18527